Interseeding CRP : Iowa fact sheet.

Bibliographic Details
Corporate Authors: United States. Natural Resources Conservation Service, United States. Soil Conservation Service
Format: Government Document Book
Language:English
Published: Des Moines, IA (210 Walnut St., Ste. 693, Des Moines 50309-2180) : U.S. Dept. of Agriculture, Natural Resources Conservation Service, [1999?]
Subjects:

MARC

Tag First Indicator Second Indicator Subfields
LEADER 00000cam a22000007a 4500
001 in00000004973
005 20150926125445.0
008 990727s1999 iaua f000 0 eng d
035 |a (OCoLC)41965415 
035 |9 AJJ3379AM 
040 |a GPO  |c GPO  |d DLC  |d MvI  |d UtOrBLW 
043 |a n-us--- 
049 |a UDOC 
074 |a 0120 
086 0 |a A 57.2:IO 9/2/999 
245 0 0 |a Interseeding CRP :  |b Iowa fact sheet. 
246 3 0 |a Iowa fact sheet 
246 3 |a CRP interseeding :  |b Iowa fact sheet 
264 1 |a Des Moines, IA (210 Walnut St., Ste. 693, Des Moines 50309-2180) :  |b U.S. Dept. of Agriculture, Natural Resources Conservation Service,  |c [1999?] 
300 |a 4 unnumbered pages :  |b color illustrations ;  |c 28 cm. 
336 |a text  |b txt  |2 rdacontent 
337 |a unmediated  |b n  |2 rdamedia 
338 |a volume  |b nc  |2 rdacarrier 
500 |a Caption title. 
500 |a Shipping list number: 99-0297-P. 
650 0 |a Selection (Plant breeding)  |z Iowa. 
650 0 |a Plants for soil conservation  |z Iowa. 
650 0 |a Wildlife conservation  |z Iowa. 
650 0 |a Wildlife management  |z Iowa. 
710 1 |a United States.  |b Natural Resources Conservation Service. 
710 1 |a United States.  |b Soil Conservation Service. 
999 |a MARS 
999 f f |s e0d0e467-081a-3a72-8788-f80b3c6af117  |i bf998713-e48e-368d-9dd3-9d337dcc5e15  |t 0 
952 f f |p normal  |a Texas A&M University  |b College Station  |c Sterling C. Evans Library  |d Evans: US Documents (Annex 5th floor)  |t 0  |e A 57.2:IO 9/2/999  |h Superintendent of Documents classification  |i unmediated -- volume  |m A14824274212 
998 f f |a A 57.2:IO 9/2/999  |t 0  |l Evans: US Documents (Annex 5th floor)